Statistics for F1 Drivers 2016

Click here to take the quiz!

General Stats

  • This quiz has been taken 307 times
    (243 since last reset)
  • The average score is 18 of 24

Answer Stats

TeamDriver% Correct
MercedesLewis Hamilton
100%
MercedesNico Rosberg
99%
Ferrari ScuderiaSebastian Vettel
96%
Red Bull RacingMax Verstappen
95%
Ferrari ScuderiaKimi Raikkonen
90%
MclarenFernando Alonso
89%
Force IndiaSergio Perez
88%
WilliamsValteri Bottas
85%
HaasRomain Grosjean
84%
Force IndiaNico Hulkenberg
82%
Toro RossoDaniil Kvyat
81%
RenaultKevin Magnussen
81%
WilliamsFelipe Massa
80%
Toro RossoCarlos Sainz
72%
MclarenJensen Button
72%
MRTEsteban Ocon
65%
SauberMarcus Ericsson
62%
Red Bull RacingDaniel Ricciardo
59%
RenaultJoylon Palmer
59%
MclarenStoffel Vandoorne
59%
HaasEsteban Gutierrez
47%
MRTPascal Wehrlein
46%
SauberFelipe Nasr
39%
MRTRio Haryanto
31%

Score Distribution

Percentile by Number Answered

Percent of People with Each Score

Your Score History

You have not taken this quiz since the last reset